000 00341pab a2200145 454500
008 180718b2004 xxu||||| |||| 00| 0 eng d
100 _aAggarwal, Surabhi
245 _aWomen's resistance - a review of literature
260 _c2004
300 _ap.16-33.
362 _aSep
650 _aWomen
773 _aSocial Change
909 _a64608
999 _c64608
_d64608